<?xml version="1.0" encoding="UTF-8"?>
<record
    xmlns:xsi="http://www.w3.org/2001/XMLSchema-instance"
    xsi:schemaLocation="http://www.loc.gov/MARC21/slim http://www.loc.gov/standards/marcxml/schema/MARC21slim.xsd"
    xmlns="http://www.loc.gov/MARC21/slim">

  <leader>00785nam a22002537a 4500</leader>
  <datafield tag="999" ind1=" " ind2=" ">
    <subfield code="c">5138</subfield>
    <subfield code="d">5138</subfield>
  </datafield>
  <controlfield tag="001">12090</controlfield>
  <controlfield tag="003">BD-DhUAP</controlfield>
  <controlfield tag="005">20201201145419.0</controlfield>
  <controlfield tag="008">201201r20082007ii a     b    001 0 eng c</controlfield>
  <datafield tag="020" ind1=" " ind2=" ">
    <subfield code="a">9780443101076</subfield>
  </datafield>
  <datafield tag="020" ind1=" " ind2=" ">
    <subfield code="a">9780443101086</subfield>
  </datafield>
  <datafield tag="040" ind1=" " ind2=" ">
    <subfield code="a">DNLM/DLC</subfield>
    <subfield code="c">DLC</subfield>
    <subfield code="d">BD-DhUAP</subfield>
    <subfield code="b">Eng</subfield>
  </datafield>
  <datafield tag="082" ind1="0" ind2="0">
    <subfield code="2">23</subfield>
    <subfield code="a">615.19 AUL</subfield>
  </datafield>
  <datafield tag="245" ind1=" " ind2=" ">
    <subfield code="a">Aulton's pharmaceutics : </subfield>
    <subfield code="b">the design and manufacture of medicines /</subfield>
    <subfield code="c">edited by Michael E. Aulton.</subfield>
  </datafield>
  <datafield tag="250" ind1=" " ind2=" ">
    <subfield code="a">3rd ed.</subfield>
  </datafield>
  <datafield tag="260" ind1=" " ind2=" ">
    <subfield code="a">Edinburgh : </subfield>
    <subfield code="b">Churchill Livingstone,</subfield>
    <subfield code="c">c2007 [Reprinted 2008].</subfield>
  </datafield>
  <datafield tag="300" ind1=" " ind2=" ">
    <subfield code="a">x, 717 pages :</subfield>
    <subfield code="b">illustrations ;</subfield>
    <subfield code="c">25 cm.</subfield>
  </datafield>
  <datafield tag="500" ind1=" " ind2=" ">
    <subfield code="a">Includes index.</subfield>
  </datafield>
  <datafield tag="650" ind1=" " ind2=" ">
    <subfield code="a">Drugs</subfield>
    <subfield code="v">Design. </subfield>
  </datafield>
  <datafield tag="650" ind1=" " ind2=" ">
    <subfield code="a">Drugs</subfield>
    <subfield code="v">Dosage forms.</subfield>
  </datafield>
  <datafield tag="650" ind1=" " ind2=" ">
    <subfield code="a">Pharmaceutical chemistry.</subfield>
  </datafield>
  <datafield tag="700" ind1=" " ind2=" ">
    <subfield code="a">Aulton, Michael E.</subfield>
  </datafield>
  <datafield tag="942" ind1=" " ind2=" ">
    <subfield code="2">ddc</subfield>
    <subfield code="c">BK</subfield>
  </datafield>
  <datafield tag="952" ind1=" " ind2=" ">
    <subfield code="0">0</subfield>
    <subfield code="1">0</subfield>
    <subfield code="2">ddc</subfield>
    <subfield code="4">0</subfield>
    <subfield code="7">0</subfield>
    <subfield code="a">UAPCL</subfield>
    <subfield code="b">UAPCL</subfield>
    <subfield code="c">General Stacks</subfield>
    <subfield code="d">2020-12-01</subfield>
    <subfield code="o">615.19 AUL</subfield>
    <subfield code="p">3010012090</subfield>
    <subfield code="r">2020-12-01</subfield>
    <subfield code="t">1</subfield>
    <subfield code="w">2020-12-01</subfield>
    <subfield code="y">BK</subfield>
  </datafield>
  <datafield tag="952" ind1=" " ind2=" ">
    <subfield code="0">0</subfield>
    <subfield code="1">0</subfield>
    <subfield code="2">ddc</subfield>
    <subfield code="4">0</subfield>
    <subfield code="7">0</subfield>
    <subfield code="a">UAPCL</subfield>
    <subfield code="b">UAPCL</subfield>
    <subfield code="c">General Stacks</subfield>
    <subfield code="d">2020-12-01</subfield>
    <subfield code="o">615.19 AUL</subfield>
    <subfield code="p">3010012096</subfield>
    <subfield code="r">2020-12-01</subfield>
    <subfield code="t">2</subfield>
    <subfield code="w">2020-12-01</subfield>
    <subfield code="y">BK</subfield>
  </datafield>
  <datafield tag="952" ind1=" " ind2=" ">
    <subfield code="0">0</subfield>
    <subfield code="1">0</subfield>
    <subfield code="2">ddc</subfield>
    <subfield code="4">0</subfield>
    <subfield code="7">0</subfield>
    <subfield code="a">UAPCL</subfield>
    <subfield code="b">UAPCL</subfield>
    <subfield code="c">General Stacks</subfield>
    <subfield code="d">2020-12-01</subfield>
    <subfield code="o">615.19 AUL</subfield>
    <subfield code="p">3010016176</subfield>
    <subfield code="r">2020-12-01</subfield>
    <subfield code="t">3</subfield>
    <subfield code="w">2020-12-01</subfield>
    <subfield code="y">BK</subfield>
  </datafield>
  <datafield tag="952" ind1=" " ind2=" ">
    <subfield code="0">0</subfield>
    <subfield code="1">0</subfield>
    <subfield code="2">ddc</subfield>
    <subfield code="4">0</subfield>
    <subfield code="7">0</subfield>
    <subfield code="a">UAPCL</subfield>
    <subfield code="b">UAPCL</subfield>
    <subfield code="c">General Stacks</subfield>
    <subfield code="d">2020-12-01</subfield>
    <subfield code="o">615.19 AUL</subfield>
    <subfield code="p">3010016173</subfield>
    <subfield code="r">2020-12-01</subfield>
    <subfield code="t">4</subfield>
    <subfield code="w">2020-12-01</subfield>
    <subfield code="y">BK</subfield>
  </datafield>
  <datafield tag="952" ind1=" " ind2=" ">
    <subfield code="0">0</subfield>
    <subfield code="1">0</subfield>
    <subfield code="2">ddc</subfield>
    <subfield code="4">0</subfield>
    <subfield code="7">0</subfield>
    <subfield code="a">UAPCL</subfield>
    <subfield code="b">UAPCL</subfield>
    <subfield code="c">General Stacks</subfield>
    <subfield code="d">2020-12-01</subfield>
    <subfield code="o">615.19 AUL</subfield>
    <subfield code="p">3010017594</subfield>
    <subfield code="r">2020-12-01</subfield>
    <subfield code="t">5</subfield>
    <subfield code="w">2020-12-01</subfield>
    <subfield code="y">BK</subfield>
  </datafield>
  <datafield tag="952" ind1=" " ind2=" ">
    <subfield code="0">0</subfield>
    <subfield code="1">0</subfield>
    <subfield code="2">ddc</subfield>
    <subfield code="4">0</subfield>
    <subfield code="7">0</subfield>
    <subfield code="a">UAPCL</subfield>
    <subfield code="b">UAPCL</subfield>
    <subfield code="c">General Stacks</subfield>
    <subfield code="d">2020-12-01</subfield>
    <subfield code="o">615.19 AUL</subfield>
    <subfield code="p">3010012092</subfield>
    <subfield code="r">2020-12-01</subfield>
    <subfield code="t">6</subfield>
    <subfield code="w">2020-12-01</subfield>
    <subfield code="y">BK</subfield>
  </datafield>
  <datafield tag="952" ind1=" " ind2=" ">
    <subfield code="0">0</subfield>
    <subfield code="1">0</subfield>
    <subfield code="2">ddc</subfield>
    <subfield code="4">0</subfield>
    <subfield code="7">0</subfield>
    <subfield code="a">UAPCL</subfield>
    <subfield code="b">UAPCL</subfield>
    <subfield code="c">General Stacks</subfield>
    <subfield code="d">2020-12-01</subfield>
    <subfield code="o">615.19 AUL</subfield>
    <subfield code="p">3010014899</subfield>
    <subfield code="r">2020-12-01</subfield>
    <subfield code="t">7</subfield>
    <subfield code="w">2020-12-01</subfield>
    <subfield code="y">BK</subfield>
  </datafield>
  <datafield tag="952" ind1=" " ind2=" ">
    <subfield code="0">0</subfield>
    <subfield code="1">0</subfield>
    <subfield code="2">ddc</subfield>
    <subfield code="4">0</subfield>
    <subfield code="7">0</subfield>
    <subfield code="a">UAPCL</subfield>
    <subfield code="b">UAPCL</subfield>
    <subfield code="c">General Stacks</subfield>
    <subfield code="d">2020-12-01</subfield>
    <subfield code="o">615.19 AUL</subfield>
    <subfield code="p">3010014891</subfield>
    <subfield code="r">2020-12-01</subfield>
    <subfield code="t">8</subfield>
    <subfield code="w">2020-12-01</subfield>
    <subfield code="y">BK</subfield>
  </datafield>
  <datafield tag="952" ind1=" " ind2=" ">
    <subfield code="0">0</subfield>
    <subfield code="1">0</subfield>
    <subfield code="2">ddc</subfield>
    <subfield code="4">0</subfield>
    <subfield code="7">0</subfield>
    <subfield code="a">UAPCL</subfield>
    <subfield code="b">UAPCL</subfield>
    <subfield code="c">General Stacks</subfield>
    <subfield code="d">2020-12-01</subfield>
    <subfield code="o">615.19 AUL</subfield>
    <subfield code="p">3010012098</subfield>
    <subfield code="r">2020-12-01</subfield>
    <subfield code="t">9</subfield>
    <subfield code="w">2020-12-01</subfield>
    <subfield code="y">BK</subfield>
  </datafield>
  <datafield tag="952" ind1=" " ind2=" ">
    <subfield code="0">0</subfield>
    <subfield code="1">0</subfield>
    <subfield code="2">ddc</subfield>
    <subfield code="4">0</subfield>
    <subfield code="7">0</subfield>
    <subfield code="a">UAPCL</subfield>
    <subfield code="b">UAPCL</subfield>
    <subfield code="c">General Stacks</subfield>
    <subfield code="d">2020-12-01</subfield>
    <subfield code="o">615.19 AUL</subfield>
    <subfield code="p">3010014898</subfield>
    <subfield code="r">2020-12-01</subfield>
    <subfield code="t">10</subfield>
    <subfield code="w">2020-12-01</subfield>
    <subfield code="y">BK</subfield>
  </datafield>
  <datafield tag="952" ind1=" " ind2=" ">
    <subfield code="0">0</subfield>
    <subfield code="1">0</subfield>
    <subfield code="2">ddc</subfield>
    <subfield code="4">0</subfield>
    <subfield code="7">0</subfield>
    <subfield code="a">UAPCL</subfield>
    <subfield code="b">UAPCL</subfield>
    <subfield code="c">General Stacks</subfield>
    <subfield code="d">2020-12-01</subfield>
    <subfield code="o">615.19 AUL</subfield>
    <subfield code="p">3010014895</subfield>
    <subfield code="r">2020-12-01</subfield>
    <subfield code="t">11</subfield>
    <subfield code="w">2020-12-01</subfield>
    <subfield code="y">BK</subfield>
  </datafield>
  <datafield tag="952" ind1=" " ind2=" ">
    <subfield code="0">0</subfield>
    <subfield code="1">0</subfield>
    <subfield code="2">ddc</subfield>
    <subfield code="4">0</subfield>
    <subfield code="7">0</subfield>
    <subfield code="a">UAPCL</subfield>
    <subfield code="b">UAPCL</subfield>
    <subfield code="c">General Stacks</subfield>
    <subfield code="d">2020-12-01</subfield>
    <subfield code="o">615.19 AUL</subfield>
    <subfield code="p">3010014900</subfield>
    <subfield code="r">2020-12-01</subfield>
    <subfield code="t">12</subfield>
    <subfield code="w">2020-12-01</subfield>
    <subfield code="y">BK</subfield>
  </datafield>
  <datafield tag="952" ind1=" " ind2=" ">
    <subfield code="0">0</subfield>
    <subfield code="1">0</subfield>
    <subfield code="2">ddc</subfield>
    <subfield code="4">0</subfield>
    <subfield code="7">0</subfield>
    <subfield code="a">UAPCL</subfield>
    <subfield code="b">UAPCL</subfield>
    <subfield code="c">General Stacks</subfield>
    <subfield code="d">2020-12-01</subfield>
    <subfield code="l">1</subfield>
    <subfield code="o">615.19 AUL</subfield>
    <subfield code="p">3010014892</subfield>
    <subfield code="r">2022-08-07</subfield>
    <subfield code="s">2022-07-25</subfield>
    <subfield code="t">13</subfield>
    <subfield code="w">2020-12-01</subfield>
    <subfield code="y">BK</subfield>
  </datafield>
  <datafield tag="952" ind1=" " ind2=" ">
    <subfield code="0">0</subfield>
    <subfield code="1">0</subfield>
    <subfield code="2">ddc</subfield>
    <subfield code="4">0</subfield>
    <subfield code="7">0</subfield>
    <subfield code="a">UAPCL</subfield>
    <subfield code="b">UAPCL</subfield>
    <subfield code="c">General Stacks</subfield>
    <subfield code="d">2020-12-01</subfield>
    <subfield code="l">1</subfield>
    <subfield code="o">615.19 AUL</subfield>
    <subfield code="p">3010012097</subfield>
    <subfield code="r">2022-09-08</subfield>
    <subfield code="s">2022-07-20</subfield>
    <subfield code="t">14</subfield>
    <subfield code="w">2020-12-01</subfield>
    <subfield code="y">BK</subfield>
  </datafield>
  <datafield tag="952" ind1=" " ind2=" ">
    <subfield code="0">0</subfield>
    <subfield code="1">0</subfield>
    <subfield code="2">ddc</subfield>
    <subfield code="4">0</subfield>
    <subfield code="7">0</subfield>
    <subfield code="a">UAPCL</subfield>
    <subfield code="b">UAPCL</subfield>
    <subfield code="c">General Stacks</subfield>
    <subfield code="d">2020-12-01</subfield>
    <subfield code="o">615.19 AUL</subfield>
    <subfield code="p">3010016174</subfield>
    <subfield code="r">2020-12-01</subfield>
    <subfield code="t">15</subfield>
    <subfield code="w">2020-12-01</subfield>
    <subfield code="y">BK</subfield>
  </datafield>
  <datafield tag="952" ind1=" " ind2=" ">
    <subfield code="0">0</subfield>
    <subfield code="1">0</subfield>
    <subfield code="2">ddc</subfield>
    <subfield code="4">0</subfield>
    <subfield code="7">0</subfield>
    <subfield code="a">UAPCL</subfield>
    <subfield code="b">UAPCL</subfield>
    <subfield code="c">General Stacks</subfield>
    <subfield code="d">2020-12-01</subfield>
    <subfield code="o">615.19 AUL</subfield>
    <subfield code="p">3010012094</subfield>
    <subfield code="r">2020-12-01</subfield>
    <subfield code="t">16</subfield>
    <subfield code="w">2020-12-01</subfield>
    <subfield code="y">BK</subfield>
  </datafield>
  <datafield tag="952" ind1=" " ind2=" ">
    <subfield code="0">0</subfield>
    <subfield code="1">0</subfield>
    <subfield code="2">ddc</subfield>
    <subfield code="4">0</subfield>
    <subfield code="7">0</subfield>
    <subfield code="a">UAPCL</subfield>
    <subfield code="b">UAPCL</subfield>
    <subfield code="c">General Stacks</subfield>
    <subfield code="d">2020-12-01</subfield>
    <subfield code="o">615.19 AUL</subfield>
    <subfield code="p">3010014897</subfield>
    <subfield code="r">2020-12-01</subfield>
    <subfield code="t">17</subfield>
    <subfield code="w">2020-12-01</subfield>
    <subfield code="y">BK</subfield>
  </datafield>
  <datafield tag="952" ind1=" " ind2=" ">
    <subfield code="0">0</subfield>
    <subfield code="1">0</subfield>
    <subfield code="2">ddc</subfield>
    <subfield code="4">0</subfield>
    <subfield code="7">0</subfield>
    <subfield code="a">UAPCL</subfield>
    <subfield code="b">UAPCL</subfield>
    <subfield code="c">General Stacks</subfield>
    <subfield code="d">2020-12-01</subfield>
    <subfield code="o">615.19 AUL</subfield>
    <subfield code="p">3010012093</subfield>
    <subfield code="r">2020-12-01</subfield>
    <subfield code="t">18</subfield>
    <subfield code="w">2020-12-01</subfield>
    <subfield code="y">BK</subfield>
  </datafield>
  <datafield tag="952" ind1=" " ind2=" ">
    <subfield code="0">0</subfield>
    <subfield code="1">0</subfield>
    <subfield code="2">ddc</subfield>
    <subfield code="4">0</subfield>
    <subfield code="7">0</subfield>
    <subfield code="a">UAPCL</subfield>
    <subfield code="b">UAPCL</subfield>
    <subfield code="c">General Stacks</subfield>
    <subfield code="d">2020-12-01</subfield>
    <subfield code="o">615.19 AUL</subfield>
    <subfield code="p">3010014901</subfield>
    <subfield code="r">2020-12-01</subfield>
    <subfield code="t">19</subfield>
    <subfield code="w">2020-12-01</subfield>
    <subfield code="y">BK</subfield>
  </datafield>
  <datafield tag="952" ind1=" " ind2=" ">
    <subfield code="0">0</subfield>
    <subfield code="1">0</subfield>
    <subfield code="2">ddc</subfield>
    <subfield code="4">0</subfield>
    <subfield code="7">0</subfield>
    <subfield code="a">UAPCL</subfield>
    <subfield code="b">UAPCL</subfield>
    <subfield code="c">General Stacks</subfield>
    <subfield code="d">2020-12-01</subfield>
    <subfield code="o">615.19 AUL</subfield>
    <subfield code="p">3010016175</subfield>
    <subfield code="r">2020-12-01</subfield>
    <subfield code="t">20</subfield>
    <subfield code="w">2020-12-01</subfield>
    <subfield code="y">BK</subfield>
  </datafield>
  <datafield tag="952" ind1=" " ind2=" ">
    <subfield code="0">0</subfield>
    <subfield code="1">0</subfield>
    <subfield code="2">ddc</subfield>
    <subfield code="4">0</subfield>
    <subfield code="7">0</subfield>
    <subfield code="a">UAPCL</subfield>
    <subfield code="b">UAPCL</subfield>
    <subfield code="c">General Stacks</subfield>
    <subfield code="d">2020-12-01</subfield>
    <subfield code="o">615.19 AUL</subfield>
    <subfield code="p">3010016177</subfield>
    <subfield code="r">2020-12-01</subfield>
    <subfield code="t">21</subfield>
    <subfield code="w">2020-12-01</subfield>
    <subfield code="y">BK</subfield>
  </datafield>
  <datafield tag="952" ind1=" " ind2=" ">
    <subfield code="0">0</subfield>
    <subfield code="1">0</subfield>
    <subfield code="2">ddc</subfield>
    <subfield code="4">0</subfield>
    <subfield code="7">0</subfield>
    <subfield code="a">UAPCL</subfield>
    <subfield code="b">UAPCL</subfield>
    <subfield code="c">General Stacks</subfield>
    <subfield code="d">2020-12-01</subfield>
    <subfield code="o">615.19 AUL</subfield>
    <subfield code="p">3010012091</subfield>
    <subfield code="r">2020-12-01</subfield>
    <subfield code="t">22</subfield>
    <subfield code="w">2020-12-01</subfield>
    <subfield code="y">BK</subfield>
  </datafield>
  <datafield tag="952" ind1=" " ind2=" ">
    <subfield code="0">0</subfield>
    <subfield code="1">0</subfield>
    <subfield code="2">ddc</subfield>
    <subfield code="4">0</subfield>
    <subfield code="7">0</subfield>
    <subfield code="a">UAPCL</subfield>
    <subfield code="b">UAPCL</subfield>
    <subfield code="c">General Stacks</subfield>
    <subfield code="d">2020-12-01</subfield>
    <subfield code="o">615.19 AUL</subfield>
    <subfield code="p">3010012095</subfield>
    <subfield code="r">2020-12-01</subfield>
    <subfield code="t">23</subfield>
    <subfield code="w">2020-12-01</subfield>
    <subfield code="y">BK</subfield>
  </datafield>
  <datafield tag="952" ind1=" " ind2=" ">
    <subfield code="0">0</subfield>
    <subfield code="1">0</subfield>
    <subfield code="2">ddc</subfield>
    <subfield code="4">0</subfield>
    <subfield code="7">0</subfield>
    <subfield code="a">UAPCL</subfield>
    <subfield code="b">UAPCL</subfield>
    <subfield code="c">General Stacks</subfield>
    <subfield code="d">2020-12-01</subfield>
    <subfield code="o">615.19 AUL</subfield>
    <subfield code="p">3010014896</subfield>
    <subfield code="r">2020-12-06</subfield>
    <subfield code="t">24</subfield>
    <subfield code="w">2020-12-01</subfield>
    <subfield code="y">BK</subfield>
  </datafield>
  <datafield tag="952" ind1=" " ind2=" ">
    <subfield code="0">0</subfield>
    <subfield code="1">0</subfield>
    <subfield code="2">ddc</subfield>
    <subfield code="4">0</subfield>
    <subfield code="7">0</subfield>
    <subfield code="a">UAPCL</subfield>
    <subfield code="b">UAPCL</subfield>
    <subfield code="c">Reserve Stacks</subfield>
    <subfield code="d">2021-01-27</subfield>
    <subfield code="o">615.19 AUL</subfield>
    <subfield code="p">3010011468</subfield>
    <subfield code="r">2021-01-27</subfield>
    <subfield code="t">25</subfield>
    <subfield code="w">2021-01-27</subfield>
    <subfield code="y">BK</subfield>
  </datafield>
  <datafield tag="952" ind1=" " ind2=" ">
    <subfield code="0">0</subfield>
    <subfield code="1">0</subfield>
    <subfield code="2">ddc</subfield>
    <subfield code="4">0</subfield>
    <subfield code="7">0</subfield>
    <subfield code="a">UAPCL</subfield>
    <subfield code="b">UAPCL</subfield>
    <subfield code="c">General Stacks</subfield>
    <subfield code="d">2021-01-27</subfield>
    <subfield code="l">1</subfield>
    <subfield code="o">615.19 AUL</subfield>
    <subfield code="p">3010014893</subfield>
    <subfield code="r">2021-10-24</subfield>
    <subfield code="s">2021-08-22</subfield>
    <subfield code="t">26</subfield>
    <subfield code="w">2021-01-27</subfield>
    <subfield code="y">BK</subfield>
  </datafield>
  <datafield tag="952" ind1=" " ind2=" ">
    <subfield code="0">0</subfield>
    <subfield code="1">0</subfield>
    <subfield code="2">ddc</subfield>
    <subfield code="4">0</subfield>
    <subfield code="7">0</subfield>
    <subfield code="a">UAPCL</subfield>
    <subfield code="b">UAPCL</subfield>
    <subfield code="c">General Stacks</subfield>
    <subfield code="d">2021-01-27</subfield>
    <subfield code="o">615.19 AUL</subfield>
    <subfield code="p">3010014894</subfield>
    <subfield code="r">2021-01-31</subfield>
    <subfield code="t">27</subfield>
    <subfield code="w">2021-01-27</subfield>
    <subfield code="y">BK</subfield>
  </datafield>
  <datafield tag="952" ind1=" " ind2=" ">
    <subfield code="0">0</subfield>
    <subfield code="1">0</subfield>
    <subfield code="2">ddc</subfield>
    <subfield code="4">0</subfield>
    <subfield code="7">0</subfield>
    <subfield code="a">UAPCL</subfield>
    <subfield code="b">UAPCL</subfield>
    <subfield code="c">General Stacks</subfield>
    <subfield code="d">2021-01-27</subfield>
    <subfield code="o">615.19 AUL</subfield>
    <subfield code="p">3010000832</subfield>
    <subfield code="r">2021-01-31</subfield>
    <subfield code="t">28</subfield>
    <subfield code="w">2021-01-27</subfield>
    <subfield code="y">BK</subfield>
  </datafield>
  <datafield tag="952" ind1=" " ind2=" ">
    <subfield code="0">0</subfield>
    <subfield code="1">0</subfield>
    <subfield code="2">ddc</subfield>
    <subfield code="4">0</subfield>
    <subfield code="7">0</subfield>
    <subfield code="a">UAPCL</subfield>
    <subfield code="b">UAPCL</subfield>
    <subfield code="c">General Stacks</subfield>
    <subfield code="d">2021-01-27</subfield>
    <subfield code="l">1</subfield>
    <subfield code="o">615.19 AUL</subfield>
    <subfield code="p">3010014902</subfield>
    <subfield code="q">2021-09-28</subfield>
    <subfield code="r">2021-08-31</subfield>
    <subfield code="s">2021-08-31</subfield>
    <subfield code="t">29</subfield>
    <subfield code="w">2021-01-27</subfield>
    <subfield code="y">BK</subfield>
  </datafield>
</record>
